Metody sociální práce. : Podklady ke stážím studentů a ke kazuistickým seminářům. /

Uložené v:
Podrobná bibliografia
Hlavný autor: Řezníček, Ivo (Author)
Médium: Kniha
Jazyk:Czech
Vydané: Praha : Sociologické nakladatelství SLON, 1994
Vydanie:1. vyd.
Edícia:Studijní texty Sv. 5.
Témy:
ISBN: 8085850001 (brož.)
Fyzický popis: 75 s.
Tagy: Pridať tag
Žiadne tagy, Buďte prvý kto otaguje tento záznam!

MARC

LEADER 00000nam a2200000 a 4500
001 000052221
003 SVKK
005 19950921000000.0
008 950606s1994 cs e czeo
020 |a 8085850001 (brož.) 
040 |a SVKKK  |b slo  |c SVKKK  |e AACR2 
041 0 |a cze 
044 |a cs  |c CS 
080 |a 364.442.2(075.8)  |2 1997 
100 1 |a Řezníček, Ivo  |4 aut 
245 1 0 |a Metody sociální práce. :  |b Podklady ke stážím studentů a ke kazuistickým seminářům. /  |c Ivo Řezníček 
250 |a 1. vyd. 
260 |a Praha :  |b Sociologické nakladatelství SLON,  |c 1994 
300 |a 75 s. 
440 0 |a Studijní texty  |v Sv. 5. 
653 0 |a práca sociálna  |2 SVKKKPH 
653 0 |a metódy  |2 SVKKKPH 
653 0 |a učebnice VŠ  |2 SVKKKPH 
655 7 |a učebnice vysokých škôl  |2 SVKKKPH 
910 |a svkkk 
919 |a 80-85850-00-1 
974 |a MI  |d 19950913 
974 |a PA  |d 19950815 
974 |a PA  |d 19950921 
998 |a BK 
090 |g SCKHL  |k Sklad Pribinova prízemie  |a IV.168757  |j 884164  |i 2720044531  |s Absenčne 
090 |g SCKHL  |k Sklad Pribinova prízemie  |a IV.168758  |j 884165  |i 2720056530  |s Absenčne